| 000 | 00916cam a2200289 a 4500 | ||
|---|---|---|---|
| 001 | 15005328 | ||
| 005 | 20180227054255.0 | ||
| 008 | 070913s2008 iaua b 001 0 eng d | ||
| 010 | _a 2007299124 | ||
| 020 | _a9780073397160 | ||
| 020 | _a0073397164 | ||
| 035 | _a(OCoLC)ocn123965376 | ||
| 040 |
_aLCE _cLCE _dBAKER _dBTCTA _dDLC |
||
| 041 | _aeng | ||
| 042 | _alccopycat | ||
| 080 | _a316 FIN | ||
| 082 | _a316 FIN | ||
| 100 | _a50 | ||
| 101 | _aSOC | ||
| 245 | 0 | 0 |
_aTaking sides. _pClashing views on social issues / _cselected, edited, and with introductions by Kurt Finsterbusch. |
| 246 | 3 | 0 | _aClashing views on social issues |
| 504 | _aIncludes bibliographical references and index. | ||
| 906 |
_a7 _bcbc _ccopycat _d3 _encip _f20 _gy-gencatlg |
||
| 942 |
_2ddc _cBK |
||
| 999 |
_c43580 _d43580 |
||